000 01780nam a2200409 a 4500
003 CHAP
005 20220329142845.0
008 040909d2003 mx ad r 10100 spa d
010 _a88807
011 _a89779
020 _a9688849820
035 _a100330
040 _cCHAP
082 0 4 _a607
_bF6 2003
111 0 0 _aForo de Servicio Universitario (
_n6 :
_d2003 :
_cChapingo, Méx.)
_942442
245 1 0 _aMemoria :
_bpor la revaloración, fortalecimiento e integración del servicio universitario, como función sustantiva de relación con la sociedad
_c/por UACH. Departamento de Servicio Social
260 _aChapingo, Méx. :
_bUACH. Departamento de Servicio Social,
_c2003
300 _a256 p. :
_bilus. ; cuadros ; tablas
590 _aBATCH-UPD
_b10
_c20130110
_lUCH01
_h0816
590 _aBATCH-UPD
_b10
_c20130410
_lUCH01
_h0453
590 _aBATCH-UPD
_b10
_c20130914
_lUCH01
_h0505
590 _aBATCH-UPD
_b10
_c20130914
_lUCH01
_h2136
590 _aCONVERSION
_b10
_c20130109
_lUCH01
_h1349
650 1 4 _aAyuda técnica.
_99035
650 1 4 _aExtensión agrícola
_xCongresos.
_939155
650 1 4 _aServicio social
_xCongresos.
_9105317
710 2 _aUACH. Departamento de Servicio Social
_9115889
901 _aBK
905 _aAlejandra Carrasco M.
942 _cLIBRO
949 _a607 F6 2003
_bBC
_cCONG
_d33724000796751
_eCONG
_h42574
_i100330
_sb
949 _a607 F6 2003
_bBC
_cLIBRO
_d33724002065363
_eLIBRO
_fc.5
_h109599
_i100330
_sb
949 _a607 F6 2003
_bBC
_cLIBRO
_d33724002065405
_eLIBRO
_fc.4
_h109598
_i100330
_sb
949 _a607 F6 2003
_bBC
_cLIBRO
_d33724002065446
_eLIBRO
_fc.3
_h109597
_i100330
_sb
949 _a607 F6 2003
_bBC
_cLIBRO
_d33724002111629
_eLIBRO
_fc.6
_h111124
_i100330
_sb
949 _a607 F6 2003
_bBC
_cUACH
_d33724002072545
_eUACH
_fc.2
_h42575
_i100330
_sb
999 _c88807
_d88807